|
|
|
|
| LEADER |
01574cas a2200241 a 4500 |
| 001 |
AALejournalIMF008593 |
| 008 |
230101c9999 xx r poo 0 0eng d |
| 020 |
|
|
|c 5.00 USD
|
| 020 |
|
|
|z 9781451948042
|
| 022 |
|
|
|a 1018-5941
|
| 040 |
|
|
|a BD-DhAAL
|c BD-DhAAL
|
| 100 |
1 |
|
|a Andersson, Krister.
|
| 245 |
1 |
0 |
|a Taxation of Capital Gains :
|b A Review of the Main Issues /
|c Krister Andersson.
|
| 264 |
|
1 |
|a Washington, D.C. :
|b International Monetary Fund,
|c 1991.
|
| 300 |
|
|
|a 1 online resource (29 pages)
|
| 490 |
1 |
|
|a IMF Working Papers
|
| 500 |
|
|
|a <strong>Off-Campus Access:</strong> No User ID or Password Required
|
| 500 |
|
|
|a <strong>On-Campus Access:</strong> No User ID or Password Required
|
| 506 |
|
|
|a Electronic access restricted to authorized BRAC University faculty, staff and students
|
| 520 |
3 |
|
|a This paper reviews the main issues that needs to be addressed in the taxation of capital gains. The main focus of the paper is on the tax treatment of capital gains in the United States. The impact of inflation on asset values and the taxation of gains have led to calls for an inflation-adjusted taxation of capital gains. Others have called for the exclusion of a part of the nominal gains from taxation. This paper argues that if the exclusion method is used, the exclusion rate should increase as the holding period gets longer.
|
| 538 |
|
|
|a Mode of access: Internet
|
| 830 |
|
0 |
|a IMF Working Papers; Working Paper ;
|v No. 1991/103
|
| 856 |
4 |
0 |
|z Full text available on IMF
|u http://elibrary.imf.org/view/journals/001/1991/103/001.1991.issue-103-en.xml
|z IMF e-Library
|